| 000 | 00000nam 2200000zi 4500 |
| 001 | 9.922312 |
| 003 | CaOODSP |
| 005 | 20230505102233 |
| 006 | m o d f |
| 007 | cr |n||||||||| |
| 008 | 230505s2000 onc o f000 0|eng d |
| 020 | |z0662653211 |
| 040 | |aCaOODSP|beng|erda|cCaOODSP |
| 043 | |an-cn--- |
| 086 | 1 |aC2-368/2000E-PDF|zC2-368/2000 |
| 245 | 04|aThe path that leads to Strategis will also lead to success. |
| 264 | 1|a[Ottawa] : |bIndustry Canada = Industrie Canada, |c[2000] |
| 300 | |a1 online resource (3 unnumbered pages) |
| 336 | |atext|btxt|2rdacontent |
| 337 | |acomputer|bc|2rdamedia |
| 338 | |aonline resource|bcr|2rdacarrier |
| 500 | |aDigitized edition from print [produced by Innovation, Science and Economic Development Canada]. |
| 500 | |aIssued also in French under title: La voie qui vous mène à Strategis est aussi la voie du succès. |
| 500 | |a"53261B." |
| 650 | 0|aBusiness|zCanada|xComputer network resources. |
| 650 | 0|aSmall business|zCanada|xComputer network resources. |
| 650 | 0|aWeb portals|zCanada. |
| 650 | 0|aGovernment Web sites|zCanada. |
| 710 | 1 |aCanada. |bIndustry Canada, |eissuing body. |
| 775 | 08|tLa voie qui vous mène à Strategis est aussi la voie du succès.|w(CaOODSP)9.922315 |
| 856 | 40|qPDF|s588 KB|uhttps://publications.gc.ca/collections/collection_2023/isde-ised/c2/C2-368-2000-eng.pdf |